Environmental ecology : (Record no. 170242)

MARC details
000 -LEADER
fixed length control field 00591nam a22001817a 4500
005 - DATE AND TIME OF LATEST TRANSACTION
control field 20191212140922.0
010 ## - LCCN (DPL NO)
LC control number ENG-127101
020 ## - INTERNATIONAL STANDARD BOOK NUMBER
Terms of availability 225.00
International Standard Book Number 9789353166861
035 ## - SYSTEM CONTROL NUMBER
System control number EN-110633
037 ## - SOURCE OF ACQUISITION
Source of stock number/acquisition DBAD/PUB
082 ## - DEWEY DECIMAL CLASSIFICATION NUMBER
Classification number 574.522
100 ## - MAIN ENTRY--PERSONAL NAME
Personal name Garg, Pankaj
245 ## - TITLE STATEMENT
Title Environmental ecology :
Statement of responsibility, etc by Pankaj Garg
Remainder of title biodiversity & clilmate change /
260 ## - PUBLICATION, DISTRIBUTION, ETC. (IMPRINT)
Place of publication, distribution, etc Chennai
Name of publisher, distributor, etc McGraw Hill Education
Date of publication, distribution, etc 2020
270 ## - ADDRESS
Address 444/1, Sri Ekambara Naicker Industrial Estate
City Porur , Chennai
Postal code 600116
300 ## - PHYSICAL DESCRIPTION
Extent xi,various paging .
Dimensions 23cm(pbk)
942 ## - ADDED ENTRY ELEMENTS (KOHA)
Source of classification or shelving scheme Dewey Decimal Classification
Item type English Books
Classification part 574.522
Call number suffix GAR
Holdings
Withdrawn status Lost status Not for loan Collection code Home library Current library Date acquired Source of acquisition Cost, normal purchase price Full call number Barcode Copy number Cost, replacement price Koha item type
      Non-fiction Sarojini Nagar Sarojini Nagar 12/12/2019 DBAD/PUB 225.00 574.522 GAR EN-110633 1 225.00 English Books

© Delhi Public Library
Hit Counter
free hit counter